Nigerian feminist theatre (Record no. 2432)

MARC details
000 -LEADER
fixed length control field 00375nam a22001457a 4500
008 - FIXED-LENGTH DATA ELEMENTS--GENERAL INFORMATION
fixed length control field 250318b |||||||| |||| 00| 0 eng d
020 ## - INTERNATIONAL STANDARD BOOK NUMBER
ISBN 9780984484003
100 ## - MAIN ENTRY--AUTHOR
Author Eywierhoma Mable
245 ## - TITLE STATEMENT
Title Nigerian feminist theatre
260 ## - PUBLICATION, DISTRIBUTION, ETC. (IMPRINT)
Place of publication U.S.A
Name of publisher Wits Publishing Ltd
Date of publication 2014
300 ## - COLLATION
Pagination xiv,208p
650 ## - TRACINGS
Main Subject Feminism and literature
942 ## - ADDED ENTRY ELEMENTS (KOHA)
Item type Books
050 ## - LIBRARY OF CONGRESS CALL NUMBER
Classification number PR9387.3
Item number .E99
Holdings
Source of classification or shelving scheme Not for loan Permanent location Current location Date acquired Accession No. Full call number Barcode. Koha item type
Library of Congress Classification   Samuel Ogbemudia Main Library, University of Abuja Samuel Ogbemudia Main Library, University of Abuja 03/18/2025 2024/62251 PR9387.3.E99 2025-0697 Books